[Event "CRO-ch U15"]
[Site "Trogir"]
[Date "2024.06.25"]
[Round "4"]
[White "Ciboci, Hrvoje"]
[Black "Brlekovic, Dominik"]
[Result "0-1"]
[WhiteElo "1736"]
[BlackElo "1706"]
[PlyCount "34"]
[EventDate "2024.06.23"]
[EventType "swiss"]
[EventRounds "9"]
[EventCountry "CRO"]
[SourceTitle "EXT 2025"]
[Source "ChessBase"]
[SourceDate "2024.10.14"]
[SourceVersion "1"]
[SourceVersionDate "2024.10.14"]
[SourceQuality "1"]

1. d4 d5 2. Bf4 Bf5 3. Nf3 Nf6 4. e3 e6 5. Bd3 Bg6 6. Ne5 Bd6 7. c3 Bxd3 8. Qxd3 c6 9. Nd2 Nh5 10. Bg3 Nxg3 11. hxg3 h6 12. f4 Bxe5 13. dxe5 Nd7 14. g4 Qb6 15. 0-0-0 0-0-0 16. Qd4 Qa6 17. Kb1 c5 0-1

[Event "CRO-ch U15"]
[Site "Trogir"]
[Date "2024.06.24"]
[Round "3"]
[White "Sosic, Zvan"]
[Black "Ciboci, Hrvoje"]
[Result "1/2-1/2"]
[WhiteElo "1922"]
[BlackElo "1736"]
[PlyCount "100"]
[EventDate "2024.06.23"]
[EventType "swiss"]
[EventRounds "9"]
[EventCountry "CRO"]
[SourceTitle "EXT 2025"]
[Source "ChessBase"]
[SourceDate "2024.10.14"]
[SourceVersion "1"]
[SourceVersionDate "2024.10.14"]
[SourceQuality "1"]

1. e4 c6 2. d4 d5 3. exd5 cxd5 4. Bd3 Nf6 5. c3 Nc6 6. Bf4 Bg4 7. Qb3 Qd7 8. Nd2 e6 9. Ngf3 a6 10. 0-0 Be7 11. Rae1 0-0 12. Qc2 h6 13. h3 Bxf3 14. Nxf3 Bd6 15. Bxd6 Qxd6 16. Ne5 Rac8 17. Qd2 Rfe8 18. Re3 b5 19. Rg3 Kf8 20. Qf4 Qc7 21. Rf3 Re7 22. g4 Nxe5 23. dxe5 Nd7 24. Re1 Nb6 25. h4 Nc4 26. b3 Nb6 27. Bb1 Nd7 28. g5 hxg5 29. hxg5 Ke8 30. Kg2 Qb8 31. Qh2 Kd8 32. Qf4 Qc7 33. Qh2 Qb8 34. Rfe3 Qa8 35. f4 Nc5 36. Kf1 Kd7 37. Rd1 Rh8 38. Rh3 Ree8 39. c4 Rxh3 40. Qxh3 Rh8 41. Qf3 bxc4 42. bxc4 Ke7 43. cxd5 exd5 44. Rxd5 Rd8 45. Be4 Nxe4 46. Qa3+ Ke6 47. Rxd8 Qxd8 48. Qh3+ Ke7 49. Qa3+ Ke6 50. Qh3+ Ke7 1/2-1/2